Entry Personal Name
Number of records used in: 2
001 - CONTROL NUMBER
003 - CONTROL NUMBER IDENTIFIER
005 - DATE AND TIME OF LATEST TRANSACTION
- control field:
20170401155033.0
008 - FIXED-LENGTH DATA ELEMENTS
- fixed length control field:
170401|| aca||aabn | a|a d
040 ## - CATALOGING SOURCE
- Original cataloging agency:
OSt
- Transcribing agency:
OSt
100 ## - HEADING--PERSONAL NAME
- Personal name:
DAS,DR SAMIR .KUMAR
670 ## - SOURCE DATA FOUND
- Source citation:
Work cat.: (OSt): DAS,DR SAMIR .KUMAR, MINE SAFETY AND LEGISLATION, 2002